=LDR 00000nam 2200000 4500 =001 INLIS000000000053532 =005 20181019030937 =035 ##$$a 0010-1018000147 =245 1#$$a Aku dan Orang Sakuddei : $b Menjaga Jiwa di Rimba Mentawai /$c Reimar Schefold =100 #$$a Reimar Schefold =250 ##$$a Ed. 1 =300 ##$$a 372 hlm. : $b Ilus ; $c 15x23 cm =260 ##$$a Jakarta :$b PT Kompas Nusantara,$c 2014 =082 ##$$a 305.899224 =084 ##$$a 305.899224 REI a =020 ##$$a 978-979-709-850-6 =650 ##$$a Etnografi ( Kelompok Etnis Mentawai )